000 00442nam a2200169Ia 4500
005 20250603145714.0
008 250603s9999 xx 000 0 und d
020 _a1597840378
050 _aBP 166.5 .H913/
245 0 _aSelected Qur’anic verses and hadiths on the virtues and mission of the prophet
260 _aSomerset, N.J.
260 _bThe Light
260 _c2006
300 _a96 p
650 _aSomerset, N.J.
942 _cBK
999 _c42611
_d42611